<?xml version="1.0" encoding="UTF-8"?>
<record
    xmlns:xsi="http://www.w3.org/2001/XMLSchema-instance"
    xsi:schemaLocation="http://www.loc.gov/MARC21/slim http://www.loc.gov/standards/marcxml/schema/MARC21slim.xsd"
    xmlns="http://www.loc.gov/MARC21/slim">

  <leader>03433nam a2200553Ia 4500</leader>
  <controlfield tag="001">581</controlfield>
  <controlfield tag="008">241029s9999    xx            000 0 und d</controlfield>
  <datafield tag="010" ind1=" " ind2=" ">
    <subfield code="a">530</subfield>
  </datafield>
  <datafield tag="041" ind1=" " ind2=" ">
    <subfield code="a">Espa&#xF1;ol</subfield>
  </datafield>
  <datafield tag="082" ind1=" " ind2=" ">
    <subfield code="a">NO APLICA</subfield>
  </datafield>
  <datafield tag="245" ind1=" " ind2="0">
    <subfield code="a">Evaluaci&#xF3;n del impacto de la Asignatura Logopedia impartida a los estudiantes en la Carrera de Licenciatura en el Nivel Inicial relacionado al manejo del habla y la voz en la Universidad Aut&#xF3;noma de Santo Domingo, UASD. Mao, per&#xED;odo 2011-2013</subfield>
  </datafield>
  <datafield tag="260" ind1=" " ind2=" ">
    <subfield code="a">Santo Domingo</subfield>
  </datafield>
  <datafield tag="300" ind1=" " ind2=" ">
    <subfield code="a">73</subfield>
  </datafield>
  <datafield tag="520" ind1=" " ind2=" ">
    <subfield code="a">9</subfield>
  </datafield>
  <datafield tag="630" ind1=" " ind2=" ">
    <subfield code="a">Estudiantes</subfield>
  </datafield>
  <datafield tag="630" ind1=" " ind2=" ">
    <subfield code="a">Evaluaci&#xF3;n</subfield>
  </datafield>
  <datafield tag="630" ind1=" " ind2=" ">
    <subfield code="a">Implementaci&#xF3;n</subfield>
  </datafield>
  <datafield tag="650" ind1=" " ind2=" ">
    <subfield code="a">Orientaci&#xF3;n</subfield>
  </datafield>
  <datafield tag="690" ind1=" " ind2=" ">
    <subfield code="a">Elaborado</subfield>
  </datafield>
  <datafield tag="700" ind1=" " ind2=" ">
    <subfield code="e">asesor</subfield>
    <subfield code="a">Contrera, Ana Dolores </subfield>
  </datafield>
  <datafield tag="700" ind1=" " ind2=" ">
    <subfield code="e">autor</subfield>
    <subfield code="a">Mercedes P&#xE9;rez , Minerva </subfield>
  </datafield>
  <datafield tag="700" ind1=" " ind2=" ">
    <subfield code="e">autor</subfield>
    <subfield code="a">N&#xFA;&#xF1;ez Ure&#xF1;a , Dilenia Alt.</subfield>
  </datafield>
  <datafield tag="901" ind1=" " ind2=" ">
    <subfield code="a">{"1":"Mercedes P&#xE9;rez ","2":"N&#xFA;&#xF1;ez Ure&#xF1;a "}</subfield>
    <subfield code="b">{"1":"Minerva ","2":"Dilenia Alt."}</subfield>
  </datafield>
  <datafield tag="902" ind1=" " ind2=" ">
    <subfield code="a">1</subfield>
  </datafield>
  <datafield tag="903" ind1=" " ind2=" ">
    <subfield code="a">{"1":"Contrera"}</subfield>
    <subfield code="b">{"1":"Ana Dolores "}</subfield>
  </datafield>
  <datafield tag="904" ind1=" " ind2=" ">
    <subfield code="a">Maestr&#xED;a en</subfield>
  </datafield>
  <datafield tag="905" ind1=" " ind2=" ">
    <subfield code="a">Orientaci&#xF3;n Educativa</subfield>
  </datafield>
  <datafield tag="906" ind1=" " ind2=" ">
    <subfield code="a">2</subfield>
  </datafield>
  <datafield tag="907" ind1=" " ind2=" ">
    <subfield code="a">NO APLICA</subfield>
  </datafield>
  <datafield tag="908" ind1=" " ind2=" ">
    <subfield code="a">NO APLICA</subfield>
  </datafield>
  <datafield tag="909" ind1=" " ind2=" ">
    <subfield code="a">Universidad Aut&#xF3;noma de Santo Domingo (UASD)</subfield>
  </datafield>
  <datafield tag="910" ind1=" " ind2=" ">
    <subfield code="a">NULL</subfield>
    <subfield code="b">NULL</subfield>
  </datafield>
  <datafield tag="911" ind1=" " ind2=" ">
    <subfield code="a">["1"]</subfield>
  </datafield>
  <datafield tag="912" ind1=" " ind2=" ">
    <subfield code="a">NO APLICA</subfield>
  </datafield>
  <datafield tag="913" ind1=" " ind2=" ">
    <subfield code="a">NULL</subfield>
  </datafield>
  <datafield tag="914" ind1=" " ind2=" ">
    <subfield code="a">01 de Agosto de 2013</subfield>
  </datafield>
  <datafield tag="915" ind1=" " ind2=" ">
    <subfield code="a">08/07/15 01:07</subfield>
  </datafield>
  <datafield tag="916" ind1=" " ind2=" ">
    <subfield code="a">NULL</subfield>
  </datafield>
  <datafield tag="917" ind1=" " ind2=" ">
    <subfield code="a">NULL</subfield>
  </datafield>
  <datafield tag="918" ind1=" " ind2=" ">
    <subfield code="a">NO APLICA</subfield>
  </datafield>
  <datafield tag="919" ind1=" " ind2=" ">
    <subfield code="a">["96","97","225"]</subfield>
  </datafield>
  <datafield tag="520" ind1=" " ind2=" ">
    <subfield code="a">Los principales objetivos de este estudio consistieron en evaluar el impacto de la asignatura Logopedia impartida a los estudiantes en la Carrera de Licenciatura en el Nivel Inicial, en lo que concierne al manejo de la voz y el habla, determinar la asignatura logopedia en lo que respecta el manejo del habla y voz por parte de los estudiantes y verificar en qu&#xE9; medida identifican los estudiantes casos de alteraciones de habla y de voz en su entorno personal.La metodolog&#xED;a utilizada fue de tipo cualitativo y cuantitativo, las t&#xE9;cnicas utilizadas fueron la recolecci&#xF3;n de datos, el cuestionario y el debate. Se trabaj&#xF3; con una poblaci&#xF3;n de 60 estudiantes del centro regional CURNO y como muestra se tom&#xF3; el total de la poblaci&#xF3;n por ser esta muy reducida.El estudio concluy&#xF3; que el 70% dijo estar totalmente empoderado del manejo de la voz y el habla, el 30% mediamente empoderado lo que se necesita seguir enfatizando en las estrategias de ense&#xF1;anza aprendizaje en este sentido, que las medidas que han implementado los estudiantes para evitar una disfon&#xED;a se &#xA0;evidenci&#xF3; que el 85% dijo ejercitarse en la respiraci&#xF3;n costo abdominal, un 77% evita la ingesta de de sustancias t&#xF3;xicas, como el alcohol, tabaco, alimentos muy picantes, mientras que el 67% dijo que evita el sobre esfuerzo vocal a diferencia un 45% que dice hacer ejercicios para aumentar la capacidad respiratoria y coordinaci&#xF3;n fono respiratoria.El estudio recomend&#xF3; que se debe incluir en el programa de la Carrera de Orientaci&#xF3;n Acad&#xE9;mica la asignatura de Logopedia, que tomen en consideraci&#xF3;n los resultados de este estudio para fortalecer las debilidades encontradas, que los maestros preparen ejercicios pr&#xE1;cticos donde los estudiantes afiancen sus conocimientos en esta tem&#xE1;tica y organizar cursos talleres de profundizaci&#xF3;n de esta asignatura.</subfield>
  </datafield>
  <datafield tag="921" ind1=" " ind2=" ">
    <subfield code="a">16</subfield>
  </datafield>
  <datafield tag="922" ind1=" " ind2=" ">
    <subfield code="a">16</subfield>
  </datafield>
  <datafield tag="923" ind1=" " ind2=" ">
    <subfield code="a">0</subfield>
  </datafield>
  <datafield tag="924" ind1=" " ind2=" ">
    <subfield code="a">NO APLICA</subfield>
  </datafield>
  <datafield tag="942" ind1=" " ind2=" ">
    <subfield code="c">Tesis</subfield>
  </datafield>
  <datafield tag="999" ind1=" " ind2=" ">
    <subfield code="c">530</subfield>
    <subfield code="d">530</subfield>
  </datafield>
</record>
